[Event "Moscow ch-T 2018"]
[Site "Moscow"]
[Date "2018.09.23"]
[Round "3"]
[White "Kulagin, Maxim"]
[Black "Dulguun Altankhuyag"]
[Result "1-0"]
[WhiteElo "2274"]
[BlackElo "1653"]
[Annotator "TA"]
[PlyCount "115"]
[EventDate "2018.09.20"]
[EventType "team-tourn"]
[EventCountry "RUS"]
[SourceTitle "playchess.com"]
[Source "ChessBase"]
[SourceQuality "1"]

{[%evp 16,115,31,39,23,15,31,32,37,16,45,45,44,51,38,25,30,27,25,35,42,42,48,33,56,25,25,41,53,59,69,12,7,7,60,51,245,191,239,252,406,380,472,465,576,560,587,478,545,545,543,543,543,534,528,525,754,740,745,738,718,676,926,724,723,723,714,700,633,495,495,423,802,796,731,729,821,999,836,906,771,732,1017,875,940,633,941,846,758,588,5186,5272,4631,4631,29975,29976,29984,29985,29987,29986,29989,29990]} 1. e4 e5 2. Nf3 Nc6 3. Bc4 Nf6 4. d4 exd4 5. O-O d6 6. Nxd4 Nxd4 7. Qxd4 Be7 8. Nc3 O-O 9. Re1 {LiveBook: 16 Games} a6 {C50: Hungarian Defence and Giuoco Pianissimo} (9... c6 10. Bf4 Bg4 11. a4 Bh5 12. Bb3 Re8 13. f3 Qa5 14. Bxd6 c5 15. Qe5 Bf8 16. Qf4 c4 17. Bxf8 cxb3 {1-0 (58) Yankovsky,R (2468)-Hess,R (2624) Los Angeles 2012}) 10. a4 Bd7 11. Bg5 Rb8 $146 {White is slightly better.} ({Predecessor:} 11... h6 12. Bh4 Bc6 13. Rad1 g5 14. Bg3 Nh5 15. e5 Nxg3 16. hxg3 dxe5 17. Qxe5 Bd6 18. Qf5 Kg7 19. b3 Qf6 20. Qxf6+ Kxf6 21. Ne4+ Bxe4 22. Rxe4 Rae8 23. Rde1 Rxe4 24. Rxe4 {½-½ (24) Haerig,W (2083)-Gafert,M (1794) Winsen/Luhe 2011}) 12. Qd3 Bc6 13. b4 Ng4 14. Bxe7 Qxe7 15. b5 axb5 16. axb5 Bd7 17. Nd5 Qh4 18. Qg3 Qxg3 19. hxg3 Be6 20. Bb3 Bxd5 $1 21. Bxd5 Ne5 22. Ra7 $36 {[%mdl 2048] White has the initiative.} c6 23. f4 (23. bxc6 $14 bxc6 24. Bb3) 23... cxd5 $11 24. fxe5 dxe4 (24... dxe5 $11 25. exd5 f6) 25. exd6 {[%mdl 4096] Endgame KRR-KRR} Rfd8 $2 (25... f5 $1 $14) 26. Rxe4 $18 Rxd6 {[#]} 27. Rxb7 $1 {[%mdl 512]} Rd1+ $2 (27... Rc8 {is a better defense.} 28. Ree7 Rf6) (27... Rxb7 28. Re8#) 28. Kf2 Rbd8 29. c4 f5 30. Ree7 g5 31. Rg7+ Kf8 32. Rbf7+ Ke8 33. Re7+ Kf8 34. Rgf7+ Kg8 {intending ...R8d2+.} 35. Rxf5 h6 36. b6 {[%cal Bb5b6,Bb6b7][%mdl 32]} R1d2+ 37. Re2 R2d4 38. Rc2 Rc8 39. b7 Rb8 40. Rb5 Rd7 41. Rcb2 Kf7 42. Rb6 Rc7 43. R2b3 Rd7 (43... Rxc4 $142 44. Rxh6 Kg7) 44. Rxh6 {Hoping for Rh7+.} Kg7 45. Re6 Rdxb7 46. Rxb7+ Rxb7 {KR-KR} 47. Ke3 Kf7 48. Re4 Rb2 49. Kd4 Rd2+ 50. Ke5 Rxg2 {[#]} 51. g4 $1 Rf2 52. Kd5 Kf6 53. c5 {[%cal Bc4c5,Bc5c6,Bc6c7][%mdl 32]} Rd2+ 54. Rd4 Rc2 55. Kd6 {White mates.} Rc1 56. c6 Rc2 57. c7 Rc1 58. Rd5 {Precision: White = 72%, Black = 30%.} 1-0

[Event "Moscow ch-T 2018"]
[Site "Moscow"]
[Date "2018.09.23"]
[Round "3"]
[White "Maltsevskaya, Aleksandra"]
[Black "Nikolenko, Oleg"]
[Result "1/2-1/2"]
[WhiteElo "2234"]
[BlackElo "2480"]
[Annotator "TA"]
[PlyCount "44"]
[EventDate "2018.09.20"]
[EventType "team-tourn"]
[EventCountry "RUS"]
[SourceTitle "playchess.com"]
[Source "ChessBase"]
[SourceQuality "1"]

{[%evp 17,44,33,23,6,5,12,11,17,22,24,21,22,14,21,24,28,14,10,28,16,16,0,20,20,20,16,43,16,21]} 1. e4 e6 2. d4 d5 3. Nc3 Be7 4. Nf3 Nf6 5. Bd3 c5 6. exd5 exd5 7. dxc5 O-O 8. h3 Nbd7 {[%cal Bb8d7,Bd7c5,Bc5e4][%mdl 32]} 9. O-O Nxc5 {LiveBook: 5 Games. C01: French: Exchange Variation} 10. Nd4 Nce4 $146 ({Predecessor:} 10... Nfe4 11. Nce2 Bf6 12. c3 Nxd3 13. Qxd3 Re8 14. Nf4 Nc5 15. Qd1 Ne6 16. Be3 Nxf4 17. Bxf4 {1-0 (85) Andreikin,D (2720)-Demidov,M (2497) Moscow 2015}) 11. Nce2 Bc5 12. c3 Re8 13. Be3 Bd7 14. Nf4 Rc8 15. Re1 Bb6 16. Nh5 g6 17. Nxf6+ Qxf6 18. a4 a6 19. Bxe4 Rxe4 20. Qb3 Qd6 21. Nf5 Bxf5 22. Qxb6 Qxb6 {Precision: White = 47%, Black = 92%.} 1/2-1/2

[Event "Moscow ch-T 2018"]
[Site "Moscow"]
[Date "2018.09.23"]
[Round "3"]
[White "Teiitbaev, Aktilek"]
[Black "Pogosyan, Stefan"]
[Result "1-0"]
[WhiteElo "2223"]
[BlackElo "2373"]
[Annotator "TA"]
[PlyCount "129"]
[EventDate "2018.09.20"]
[EventType "team-tourn"]
[EventCountry "RUS"]
[SourceTitle "playchess.com"]
[Source "ChessBase"]
[SourceQuality "1"]

{[%evp 19,129,-6,-6,-10,0,0,160,164,160,174,160,144,152,159,171,14,2,14,41,56,40,6,14,12,13,22,20,22,23,28,77,30,37,0,139,46,46,47,48,48,48,49,49,67,210,85,194,182,365,364,362,309,302,297,412,275,229,164,171,131,294,289,247,187,200,194,246,246,246,246,254,0,254,0,242,210,670,369,622,495,944,944,944,937,937,937,937,937,937,841,937,937,929,812,776,763,738,712,666,596,12798,11266,6179,5261,29975,29976,29974,29976,29977,29975,29971,29972]} 1. e4 c5 2. Nf3 Nc6 3. d4 cxd4 4. Nxd4 Qc7 5. Nc3 e6 6. Nxc6 bxc6 7. Bd3 d5 8. O-O Nf6 9. Qe2 Be7 10. Bd2 O-O 11. f4 $146 {B40: Sicilian: 2...e6, Unusual lines} ({Predecessor:} 11. Rae1 Re8 12. Kh1 Nd7 13. f4 Nc5 14. exd5 Nxd3 15. Qxd3 exd5 16. f5 Bd7 17. Bf4 Bd6 18. Bxd6 Qxd6 {½-½ (53) Khaetsky,R (2381)-Volotovsky,K (2214) Mukachevo 2018}) 11... Qb6+ 12. Kh1 $1 Qxb2 $2 (12... g6 $11) 13. Rab1 $16 {White is clearly better.} Qa3 14. Rb3 $1 {[%cal Rb3a3][%mdl 1024] White has strong compensation.} Qc5 15. e5 Nd7 16. Na4 $1 Qd4 17. Rb4 $2 (17. Nb2 $1 $18 Qc5 18. Bb4 Qxb4 19. Rxb4 Bxb4 20. Na4) 17... Bxb4 $11 18. Be3 {[#]} Qxd3 $1 19. cxd3 $40 {[%mdl 128] White mounts an attack.} Ba6 20. Rb1 c5 21. Bd2 Bb5 22. Bxb4 Bxa4 23. Ba3 Rab8 24. Rc1 Rfc8 25. h3 (25. f5 $5) 25... g6 26. Qd2 Rb5 (26... d4 $11 {keeps the balance.}) 27. f5 ({Better is} 27. d4 $1 $16) 27... exf5 $14 28. Qf4 d4 29. e6 fxe6 30. Qd6 Rb6 31. Qe7 a6 {[#]} (31... h5 $14) 32. Bxc5 (32. Rc4 $1 $18 {[%cal Rc4a4] and the rest is easy.} Bb5 33. Bxc5 Nxc5 34. Rxc5) 32... Nxc5 (32... e5 $16) 33. Rxc5 $18 Rb1+ $2 (33... Re8 34. Qc7 Rbb8) 34. Kh2 Rxc5 35. Qxc5 {[%mdl 4096] Endgame KQ-KRB} Bb5 36. Qxd4 Rd1 37. Qd8+ Kf7 38. d4 Rd2 39. a3 h5 $2 (39... Re2 $16 {was necessary.}) 40. Qc7+ Kf6 41. Qe5+ Kf7 {[#]} 42. h4 $1 Rd3 (42... Rc2 {was worth a try.}) 43. Qc7+ Kf6 44. Qc5 {[%cal Rc5f8]} Kf7 45. Qc7+ Kf6 $1 46. Qe5+ Kf7 47. Qc5 Ba4 $2 (47... Ke8 48. a4 Bd7) 48. Qa7+ Kf6 $2 (48... Kf8 49. Qc5+ (49. Qxa6 Rxd4 50. g3 Re4 $11) 49... Kf7 50. Qc7+ Kf6) 49. Qa8 {[%cal Ra8f8]} Kf7 (49... Ke7 $142 50. Qxa6 Bc2) 50. Qxa6 Rxa3 51. Qb7+ Ke8 52. Qc8+ Kf7 53. Qc7+ Ke8 54. Qd6 Re3 55. Qb8+ Kf7 56. Qa7+ Kf6 57. Qxa4 {KQ-KR} Re4 58. Kg3 Rg4+ 59. Kh3 f4 60. Qa5 Rg3+ 61. Kh2 Rg4 62. Qe5+ {White mates.} Kf7 63. Kg1 Rxh4 64. Qc7+ Ke8 65. Qd6 {Precision: White = 61%, Black = 34%.} 1-0

[Event "Moscow ch-T 2018"]
[Site "Moscow"]
[Date "2018.09.23"]
[Round "3"]
[White "Stukan, Martin"]
[Black "Elishev, Ivan"]
[Result "1/2-1/2"]
[WhiteElo "2173"]
[BlackElo "2197"]
[Annotator "TA"]
[PlyCount "74"]
[EventDate "2018.09.20"]
[EventType "team-tourn"]
[EventCountry "RUS"]
[SourceTitle "playchess.com"]
[Source "ChessBase"]
[SourceQuality "1"]

{[%evp 25,74,30,32,27,52,2,0,0,0,0,8,-56,-58,-48,-31,-31,-4,-41,-4,-4,-4,-4,2,0,0,-4,-4,-4,-4,-4,-4,-18,0,0,0,-20,0,0,0,0,0,-43,-39,-44,-39,-135,-147,-2495,-2419,-2163,-2044]} 1. e4 c5 2. Nf3 g6 3. d4 cxd4 4. Nxd4 Bg7 5. c4 Nc6 6. Nc2 Nf6 7. Nc3 O-O 8. Be2 d6 9. O-O Nd7 10. Bd2 Nc5 11. b4 Ne6 12. Rc1 Ned4 13. Nxd4 Nxd4 {LiveBook: 27 Games} 14. Bd3 {B37: Sicilian: Maroczy Bind with 5...Bg7, sidelines} (14. Be3 e5 15. Nb5 Nxb5 16. cxb5 Be6 17. Bc4 Qd7 18. a4 Bf6 19. Qd3 Be7 20. Bd5 Rfb8 21. a5 Kg7 {½-½ (37) Izoria,Z (2599)-Ramirez Alvarez,A (2568) chess.com INT 2018}) 14... f5 {[%cal Bf7f5,Bf5f4][%mdl 32]} 15. Be3 $146 ({Predecessor:} 15. Nd5 e6 16. Nf4 e5 17. Nd5 f4 18. f3 h5 19. Kh1 Kf7 {1-0 (41) Forchmann,A (1627)-Chin,K (1762) Kassel 2003}) 15... f4 16. Bxd4 $1 {The position is equal.} Bxd4 17. Be2 Be5 18. Nd5 (18. Nb5 $11) 18... e6 $1 $15 {[%cal Re6d5]} 19. Nc3 a5 {Hoping for ...f3.} 20. b5 b6 21. Na4 Bb7 22. Bf3 Rc8 23. Qb3 {Strongly threatening c5.} Kg7 24. Rfd1 {[#] aiming for c5.} Qc7 $1 25. h3 h5 26. Qd3 Kh6 27. Qe2 Rb8 (27... Rfd8 {is more complex.} 28. Qd3 Kh7 29. Rd2 Kg7 30. Qb3 Kh6) 28. Nb2 $1 Bxb2 (28... Rbd8 {is interesting.} 29. Qc2 Kh7 30. Qd2 Bf6 31. Na4 Bg7) 29. Qxb2 e5 30. Qa3 Rf6 31. h4 Qe7 32. Rd2 Rc8 33. Rcd1 (33. Rd3 {seems wilder.} Rc7 34. Qc3 Kg7 35. Qd2 Re6 36. a4) 33... Rxc4 34. Rxd6 Bxe4 35. Bxe4 (35. Qb3 $1 $15 Rxd6 36. Qxc4 Bxf3 37. Rxd6 Qxd6 38. Qc8) 35... Rxe4 $17 36. Qd3 $2 {[%mdl 8192]} (36. R6d3 $17 Qxa3 37. Rxa3) 36... Rxd6 $19 37. Qxd6 {[#]} Re1+ $1 {[%mdl 33280] Precision: White = 43%, Black = 40%. . An unexpected result.} 1/2-1/2

[Event "Moscow ch-T 2018"]
[Site "Moscow"]
[Date "2018.09.23"]
[Round "3"]
[White "Kanevskaya, Anna"]
[Black "Dvalishvili, Pavel S."]
[Result "1/2-1/2"]
[WhiteElo "2099"]
[BlackElo "2408"]
[Annotator "TA"]
[PlyCount "21"]
[EventDate "2018.09.20"]
[EventType "team-tourn"]
[EventCountry "RUS"]
[SourceTitle "playchess.com"]
[Source "ChessBase"]
[SourceQuality "1"]

{[%evp 17,21,0,7,-2,0,-39]} 1. d4 Nf6 2. Nf3 b6 3. c4 Bb7 4. g3 e6 5. Bg2 Bb4+ 6. Nbd2 O-O 7. O-O Re8 8. a3 {E16: Queen's Indian: 4 g3 Bb7 5 Bg2 Bb4+} (8. b3 a5 9. a3 Bxd2 10. Qxd2 d6 11. a4 Nbd7 12. Bb2 e5 13. d5 Nc5 14. Qc2 Bc8 15. Nd2 Bg4 {0-1 (66) Vitiugov,N (2724)-Najer,E (2707) Tbilisi 2017}) 8... Bf8 9. Qc2 d5 {LiveBook: 3 Games} 10. b3 $146 ({Predecessor:} 10. b4 dxc4 11. Nxc4 Be4 12. Qb3 Nc6 13. Bb2 a5 14. Ncd2 Bd5 15. Qc2 axb4 {0-1 (39) Stauskas,L (2272)-Kantans,T (2452) Vilnius 2017}) 10... c5 11. Qd1 1/2-1/2

[Event "Moscow ch-T 2018"]
[Site "Moscow"]
[Date "2018.09.23"]
[Round "3"]
[White "Mayorov, Vasili"]
[Black "Dudin, Gleb"]
[Result "1-0"]
[WhiteElo "2026"]
[BlackElo "2208"]
[Annotator "TA"]
[PlyCount "55"]
[EventDate "2018.09.20"]
[EventType "team-tourn"]
[EventCountry "RUS"]
[SourceTitle "playchess.com"]
[Source "ChessBase"]
[SourceQuality "1"]

{[%evp 16,55,12,24,28,20,34,22,25,19,32,0,64,0,0,0,0,0,0,0,19,14,20,23,15,0,13,13,31,29,14,12,9,17,16,15,33,25,30,30,31,27]} 1. c4 Nf6 2. Nc3 e6 3. Nf3 d5 4. d4 Be7 5. Bg5 O-O 6. cxd5 exd5 7. Qc2 c6 {[%cal Bc7c6,Bc6c5][%mdl 32]} 8. e3 h6 9. Bf4 {LiveBook: 11 Games. D36: Queen's Gambit Declined: Exchange Variation: Main line (5 Bg5 c6 6 Qc2)} Be6 (9... Bd6 10. Bxd6 Qxd6 11. Bd3 Be6 12. O-O Nbd7 13. Rfc1 Rfe8 14. a3 a5 15. Rab1 Bg4 16. Nd2 Be6 {1-0 (58) Bruzon Batista,L (2650)-Garcia Pantoja,R (2500) Medellin 2017}) 10. h3 Nbd7 11. Bd3 Rc8 12. O-O c5 13. Ne5 $146 ({Predecessor:} 13. dxc5 Nxc5 14. Be2 Qb6 15. Be5 Nfe4 16. Qd1 Rfd8 {½-½ (25) Orzech,D (2472)-Borgula,R (2295) Ustron 2008}) 13... Nxe5 (13... cxd4 $11 14. exd4 Nxe5 15. Bxe5 Nd7) 14. Bxe5 (14. dxe5 $14 Nh5 15. Bh2) 14... Nd7 $11 {[%cal Bf6d7,Bd7b8,Bb8c6][%mdl 32]} 15. Bf4 Bf6 16. Rfd1 cxd4 17. exd4 Qb6 18. Be3 Nb8 19. Qd2 Nc6 20. Be2 Rfd8 21. Rac1 Be7 22. Na4 Qb4 23. Nc5 Qxd2 24. Rxd2 Bxc5 25. Rxc5 Ne7 26. Rdc2 Rxc5 27. Rxc5 Rc8 28. Rxc8+ {[%mdl 32768] Precision: White = 60%, Black = 63%. . Loss on Time!?} 1-0

[Event "Moscow ch-T 2018"]
[Site "Moscow"]
[Date "2018.09.25"]
[Round "4"]
[White "Shorokhov, Alexandr"]
[Black "Kovtunenko, Alexandr"]
[Result "1-0"]
[WhiteElo "2474"]
[BlackElo "2139"]
[Annotator "TA"]
[PlyCount "93"]
[EventDate "2018.09.20"]
[EventType "team-tourn"]
[EventCountry "RUS"]
[SourceTitle "playchess.com"]
[Source "ChessBase"]
[SourceQuality "1"]

{[%evp 24,93,-41,-38,0,-43,-29,-28,-22,-39,-3,-39,0,0,0,0,0,0,0,0,94,97,130,124,189,189,157,83,83,83,83,75,107,94,104,104,142,104,272,304,355,355,339,355,340,348,339,331,354,339,622,627,744,720,822,587,767,739,4929,4913,29996,29997,29997,2080,29995,29996,29996,29997,29997,29997,29997,29998]} 1. e4 c5 2. Nf3 e6 3. d3 d5 4. Nbd2 Nc6 5. g3 Nf6 6. Bg2 Be7 7. O-O O-O 8. Re1 Qc7 9. e5 Nd7 10. Qe2 b5 11. c3 a5 12. Nf1 {C00: French: Unusual White 2nd moves} Ba6 13. Bf4 {LiveBook: 3 Games} (13. h4 Nb6 14. N1h2 b4 15. h5 Rab8 16. Ng4 bxc3 17. bxc3 d4 18. c4 Na4 19. Ng5 Nc3 {1-0 (45) Sergienko,S (2407)-Chekhov,S (2421) Voronezh 2011}) 13... Rfc8 14. h4 {The position is equal.} h6 $146 ({Predecessor:} 14... Nb6 15. N1h2 b4 16. h5 h6 17. Qd2 Bf8 18. g4 bxc3 19. bxc3 Rab8 {1-0 (42) Bub,V (2097)-Haag,M (2267) Bad Homburg 2017}) 15. Ne3 Nb6 16. Rac1 a4 17. Nc2 (17. Nf5 $5) 17... c4 {Threatens to win with ...b4.} 18. d4 b4 19. a3 {[%cal Ra3b4]} bxc3 20. bxc3 Rab8 21. Qe3 Bf8 (21... Qd8 $11 {keeps the balance.}) 22. g4 $16 Na8 {[%cal Bb6a8,Ba8c7,Bc7b5][%mdl 32]} 23. Nb4 Qb6 {[#]} (23... Bb5 $16) 24. h5 $1 $18 Nc7 {[#]} 25. Re2 (25. g5 $142 $1) 25... Nb5 26. Ra2 Nxb4 27. axb4 Nxc3 28. Qxc3 Bxb4 29. Qe3 a3 30. g5 hxg5 $2 (30... Be7 $16 {might work better.}) 31. Bxg5 ({Less strong is} 31. Nxg5 c3 $16) 31... Bf8 {Black wants to play ...Qb3.} 32. h6 Qb3 {[#]} 33. hxg7 $3 {[%mdl 512]} Bxg7 34. Rxa3 Qxe3 35. fxe3 ({But not} 35. Rxe3 Rb2 $18) ({Resist} 35. Bxe3 Bb5 $18) 35... Rb6 36. Bf1 Rcb8 $2 (36... Rcc6 37. e4 Bb7) 37. Rc2 Bc8 38. Rg2 Kh7 39. Bf6 Bxf6 40. exf6 Rb3 41. Ra7 Bb7 42. Rg7+ Kh6 43. Ne5 (43. Ra2 $142 Rb2 44. Rxb2 Rh8 45. Rh2#) 43... c3 44. Nxf7+ {White mates.} Kh5 45. Be2+ Kh4 46. Kg2 {[%cal Rg7h7]} Rh8 47. Ra1 {Precision: White = 74%, Black = 31%.} 1-0

[Event "Moscow ch-T 2018"]
[Site "Moscow"]
[Date "2018.09.25"]
[Round "4"]
[White "Kozionov, Kirill"]
[Black "Makarenko, Aleksandr"]
[Result "1-0"]
[WhiteElo "2458"]
[BlackElo "2219"]
[Annotator "TA"]
[PlyCount "65"]
[EventDate "2018.09.20"]
[EventType "team-tourn"]
[EventCountry "RUS"]
[SourceTitle "playchess.com"]
[Source "ChessBase"]
[SourceQuality "1"]

{[%evp 26,65,46,39,52,47,52,0,0,0,30,33,59,25,15,-40,-27,-33,-13,-12,22,17,33,46,160,165,155,149,155,156,175,177,205,214,182,189,203,211,214,202,830,848]} 1. d4 Nf6 2. c4 e6 3. Nc3 d5 4. Nf3 c6 5. Bg5 Be7 6. e3 O-O 7. Qc2 Nbd7 8. cxd5 exd5 9. Bd3 Re8 10. O-O h6 11. Bf4 Nf8 12. h3 Be6 13. Rab1 {D36: Damengambit (Abtauschvariante)} a5 14. a3 {LiveBook: 6 Partien} N8d7 (14... Nh5 15. Bh2 Bd6 16. Ne5 Qc8 17. f4 f6 18. Ng6 Bxh3 19. Nxf8 Rxe3 20. gxh3 Kxf8 {0-1 (34) Urkedal,F (2572)-Boruchovsky,A (2542) chess.com INT 2018}) 15. Bh2 $146 {Weiß steht etwas besser.} ({Vorgänger:} 15. Rfc1 Rc8 16. Ne5 Nxe5 17. Bxe5 Nd7 18. Bh2 b5 19. Bh7+ Kh8 20. Bf5 Bxf5 21. Qxf5 {0-1 (60) Brueckner,T (2380)-Pezerovic,E (2395) Germany 1994}) 15... Bf8 16. b4 (16. Rbd1 $14) 16... axb4 $11 17. axb4 b5 18. Ne5 Qb6 19. Kh1 Qb7 20. f4 (20. Ne2 $1 $11) 20... Nb6 $1 $15 21. f5 Bd7 22. e4 {[%cal Be3e4,Be4e5,Be5e6][%mdl 32]} Ra3 23. Nxd7 Nfxd7 24. e5 f6 ({Besser ist} 24... Nc4 $14) 25. e6 $36 {[%mdl 2048] Läuft bei Weiss.} Nb8 26. Qc1 Ra7 27. Be2 {[%cal Bd3e2,Be2h5,Bh5f7][%mdl 32]} Na6 28. Bh5 Rea8 29. Bf7+ Kh8 {[#]} 30. Ne2 $1 Nc4 31. Nf4 Bd6 32. Qe1 Qc7 $2 {[#]} (32... Bxf4 33. Bxf4 Qe7 34. Bxh6 gxh6) 33. e7 $1 {[%mdl 512] Precision: Weiß = 51%, Schwarz = 37%.} 1-0

[Event "Moscow ch-T 2018"]
[Site "Moscow"]
[Date "2018.09.25"]
[Round "4"]
[White "Krylov Alexey, Karpov CS1"]
[Black "Teiitbaev Aktilek, RGSU"]
[Result "1/2-1/2"]
[WhiteElo "2411"]
[BlackElo "2101"]
[Annotator "TA"]
[PlyCount "51"]
[EventDate "2018.09.20"]
[EventType "team-tourn"]
[EventCountry "RUS"]
[SourceTitle "playchess.com"]
[Source "ChessBase"]
[SourceQuality "1"]

{[%evp 28,51,-16,-16,-9,-11,-2,-2,-4,-1,-1,-39,-39,-43,-38,-51,-49,-45,-54,-72,-14,-22,-22,-17,0,0]} 1. e4 c5 2. Nf3 d6 3. c3 Nf6 4. Be2 g6 5. O-O Bg7 6. Re1 O-O 7. Bf1 Nc6 8. h3 e5 9. d4 cxd4 10. cxd4 exd4 {B50: Sicilian: 2...d6, Miscellaneous} 11. Nxd4 Nxd4 (11... Re8 12. Nxc6 bxc6 13. Nc3 Be6 14. Qa4 Qb6 15. Rb1 Ng4 16. Nd1 Ne5 17. Be3 c5 18. Nc3 {½-½ (67) Buscher,M (2391)-Goudriaan,E (2372) Germany 2017}) 12. Qxd4 Re8 13. Qd3 Bf5 14. Bg5 d5 15. Nc3 {LiveBook: 4 Games} dxe4 16. Qxd8 Raxd8 17. g4 Be6 18. Nxe4 Nxe4 19. Bxd8 {[#] Black must now prevent Rad1.} Nd2 $146 {Threatens to win with ...Nf3+.} ({Don't play} 19... Rxd8 $6 20. Rxe4 Bxb2 21. Rb1 $14) 20. Rxe6 $1 fxe6 21. Ba5 Bxb2 22. Rd1 Nxf1 23. Rd7 b6 (23... Rf8 $17 {aiming for ...Nh2!} 24. Kxf1 Rf7) 24. Be1 $11 {The position is equal.} a5 25. Kxf1 e5 26. Bd2 1/2-1/2

[Event "Moscow ch-T 2018"]
[Site "Moscow"]
[Date "2018.09.25"]
[Round "4"]
[White "Savenkov, Konstantin"]
[Black "Pavlov Danila, Karpov CS2"]
[Result "0-1"]
[WhiteElo "2375"]
[BlackElo "2312"]
[Annotator "TA"]
[PlyCount "82"]
[EventDate "2018.09.20"]
[EventType "team-tourn"]
[EventCountry "RUS"]
[SourceTitle "playchess.com"]
[Source "ChessBase"]
[SourceQuality "1"]

{[%evp 25,82,2,15,6,0,0,0,-14,0,-31,-24,-30,-30,-25,-12,-34,0,0,0,-48,-60,-54,-69,-58,-51,-45,-42,-80,-60,-162,-172,-178,-165,-163,-150,-180,-135,-153,-152,-191,-187,-334,-331,-302,-161,-333,-293,-353,-347,-345,-222,-193,-181,-369,-318,-329,-331,-367,-365]} 1. e4 e6 2. d3 d5 3. Nd2 c5 4. Ngf3 Nc6 5. g3 Nf6 6. Bg2 g6 7. O-O Bg7 8. exd5 Nxd5 9. Nb3 {A08: King's Indian Attack} (9. Nc4 b5 10. Ne3 O-O 11. c4 bxc4 12. dxc4 Ndb4 13. Qe2 Rb8 14. Rd1 Nd4 15. Nxd4 cxd4 16. a3 Na6 {½-½ (62) Kovalev,V (2636)-Savchenko,B (2585) Sochi 2017}) 9... b6 10. d4 Ba6 11. Re1 cxd4 12. Nfxd4 Nxd4 13. Nxd4 O-O {LiveBook: 8 Games} 14. c3 Qd7 15. h4 h6 $146 ({Predecessor:} 15... Rac8 16. h5 Nxc3 17. bxc3 Rxc3 18. Nb3 Rd3 19. Qg4 Rxb3 20. axb3 Bxa1 {½-½ (50) Degenhardt,H (2350)-Goetz,R (2350) Germany 1990}) 16. Qb3 Rac8 17. a4 Bc4 18. Qd1 Rfd8 19. Nf3 Qc7 {[#] aiming for ...Nxc3.} 20. Bd2 a5 21. Qc1 Kh7 22. h5 g5 $36 {[%cal Bg6g5,Bg5g4][%mdl 2080] Black has the initiative.} 23. Be3 Nxe3 24. Qxe3 Qc5 25. Qxc5 Rxc5 26. Red1 Rcc8 27. Rd2 {[#]} ({White should try} 27. Bf1 $15 Bb3 28. Rd3) 27... g4 $1 $19 {[%cal Rg4f3]} 28. Rxd8 Rxd8 29. Nh2 Rd2 30. Nxg4 Rxb2 31. Ne3 Bb3 32. Be4+ Kg8 33. Rc1 (33. Bh1 {was called for.}) 33... Bxa4 34. Nc4 Rb5 (34... Rb3 $142 35. Rd1 Bf6) 35. Bd3 $2 (35. Bc6 Rc5 36. Bxa4 Rxc4 37. Bb5) 35... Bb3 36. Nd6 Rd5 37. Bc4 Rxd6 38. Bxb3 Rd3 39. Rb1 $2 (39. Bc4 {might work better.} Rd2 40. Kg2) 39... Rxc3 40. Ba4 Bd4 41. Kf1 Rf3 {Precision: White = 33%, Black = 62%.} 0-1

[Event "Moscow ch-T 2018"]
[Site "Moscow"]
[Date "2018.09.25"]
[Round "4"]
[White "Savenkov, Konstantin"]
[Black "Pavlov, Danila"]
[Result "0-1"]
[WhiteElo "2337"]
[BlackElo "2318"]
[Annotator "TA"]
[PlyCount "82"]
[EventDate "2018.09.20"]
[EventType "team-tourn"]
[EventCountry "RUS"]
[SourceTitle "playchess.com"]
[Source "ChessBase"]
[SourceQuality "1"]

{[%evp 15,82,10,10,10,10,11,12,9,44,18,8,3,19,2,0,0,0,-14,0,-18,-22,-18,-28,-34,-20,-28,0,0,0,-60,-56,-65,-69,-64,-61,-64,-73,-79,-53,-169,-176,-166,-170,-170,-156,-161,-142,-163,-135,-185,-172,-300,-296,-276,-134,-329,-315,-391,-350,-329,-207,-202,-163,-320,-318,-360,-361,-365,-365]} 1. e4 e6 2. d3 d5 3. Nd2 c5 4. Ngf3 Nc6 5. g3 Nf6 6. Bg2 g6 7. O-O Bg7 8. exd5 Nxd5 9. Nb3 {A08: King's Indian Attack} (9. Nc4 b5 10. Ne3 O-O 11. c4 bxc4 12. dxc4 Ndb4 13. Qe2 Rb8 14. Rd1 Nd4 15. Nxd4 cxd4 16. a3 Na6 {½-½ (62) Kovalev,V (2636)-Savchenko,B (2585) Sochi 2017}) 9... b6 10. d4 Ba6 11. Re1 {The position is equal.} cxd4 12. Nfxd4 Nxd4 13. Nxd4 O-O 14. c3 Qd7 15. h4 h6 $146 ({Predecessor:} 15... Rac8 16. h5 Nxc3 17. bxc3 Rxc3 18. Nb3 Rd3 19. Qg4 Rxb3 20. axb3 Bxa1 {½-½ (50) Degenhardt,H (2350)-Goetz,R (2350) Germany 1990}) 16. Qb3 Rac8 17. a4 Bc4 18. Qd1 Rfd8 $36 {[%mdl 2048] Black fights for an advantage.} 19. Nf3 Qc7 {Strongly threatening ...Nxc3.} 20. Bd2 a5 21. Qc1 Kh7 22. h5 (22. Qc2 $11) 22... g5 $1 $15 {[%cal Bg6g5,Bg5g4][%mdl 32]} 23. Be3 Nxe3 24. Qxe3 Qc5 25. Qxc5 Rxc5 26. Red1 Rcc8 27. Rd2 {[#]} (27. Bf1 $15 Bb3 28. Rd2) 27... g4 $1 $19 {[%cal Rg4f3]} 28. Rxd8 Rxd8 29. Nh2 Rd2 30. Nxg4 Rxb2 31. Ne3 Bb3 32. Be4+ Kg8 33. Rc1 (33. Bb7 {might work better.}) 33... Bxa4 34. Nc4 {[#]} Rb5 (34... Rb3 $1 $19 {is more deadly.} 35. Kg2 Rxc3 36. Rxc3 Bxc3 37. Nxb6 Bb5) 35. Bd3 $2 (35. Bc6 $17 Rc5 36. Bxa4 Rxc4 37. Bb5 Rxc3 38. Rxc3 Bxc3 39. g4) 35... Bb3 36. Nd6 Rd5 37. Bc4 Rxd6 38. Bxb3 Rd3 39. Rb1 $2 (39. Bc4 Rd2 40. Kf1) 39... Rxc3 40. Ba4 Bd4 41. Kf1 Rf3 {Precision: White = 40%, Black = 65%.} 0-1